=LDR 00000nam 2200000 4500 =001 INLIS000000000050793 =005 20201113080938 =035 ##$$a 0010-0617000001 =007 ta =008 201113################g##########0#ind## =082 ##$$a 320 =084 ##$$a 320 JUR =245 ##$$a Jurnal ilmu politik 12 /$c Dr. M. Amin Rais, Letjen. Purn. A. Hasnan Habib, Dr. A. Rahman Zainuddin =260 ##$$a Jakarta :$b Gramedia Pustaka Utama,$c 1993 =300 ##$$a 104 Hlm ; $c 17 x 25 cm =250 ##$$a cet.1 =650 #4$$a Jurnal politik =990 ##$$a 00091989 =990 ##$$a 00093714 =990 ##$$a 45.504/pb-92 =990 ##$$a 00093714